00660 a2200205 4500003000500000005001700005010001600022020001500038040000900053082001200062100002200074245009500096260005200191300002200243490002800265505007200293650001200365651004000377651003700417NUST20230131161745.0 a 73017067 a0379163063 cNust00a942,ENG1 aVexler, Robert I.10aEngland: a chronology and fact book, 1485-1973./cCompiled and edited by Robert I. Vexler. aDobbs Ferry, N.Y.,bOceana Publications,c1974. av, 186 p.c24 cm.0 aWorld chronology series aChronology (Page-1), Documents (Page-97), Bibliography (Page-167).  aHistory 0aGreat BritainxHistoryxChronology. 0aGreat BritainxHistoryxSources.